01663nam a2200361 450000500170000000700150001700800410003202400170007302800290009005000200011910000340013924000160017324501250018925000110031426000350032530000720036030600130043250001320044550500300057750501020060750500310070950500220074050500490076251101150081151801090092665000270103565000290106270000550109170000330114670000340117970000340121371000540124720231109100542.0sd fsngnnmmned231030b |||||||| |||| 00| 0 spa d1 a02894818706502a028948187065 bUniversal04aM1000bC66 20191 aContreras, Juan Pablo,d1987-10kSelecciones10aMariachitlán c / Juan Pablo Contreras ; orquesta filarmónica de Jalisco Marco Parisotto ; Abdiel Vázquez, piano. a1a ed. aMéxico : bUniversal, c2019 a1 disco compacto :c4 3/4 plg. ;e+ 1 folleto (23 p. : il., 12 cm.) a (45:49) aNotas de programa del compositor e Iván Martínez en español e inglés (23 páginas : retratos) colocadas en contenedor.0 t1. Mariachitlán (10:39)0 t2. El laberinto de la soledad (8:27) tPirámide del sol (26:43) concierto para piano y orquesta0 t3. Juego de pelota (10:27)0 t4. Ofrenda (7:35)0 rAbdiel Vázquez. Piano.tDanza emplumada / 0 aAbdiel Vázquez, piano (3.ª obra); Orquesta Filarmónica de Jalisco; Marco Parisotto, director de orquesta. aGrabado d2017 6-9 de octubrepel Teatro José Pablo Moncayo de PALCCO, Guadalajara, Jalisco, México 72lembaMusica orquestal 72lembaConciertos (Piano)1 aVázquez, Abdiel, ddesde 1984-eInstrumentista1 aParisotto, Marco, edirector1 aVázquez, Abdiel, epianista1 aParisotto, Marco, econductor2 aOrquesta Filarmónica de Jalisco, eInstrumentos